| 000 | 00427nam a22001217a 4500 | ||
|---|---|---|---|
| 082 | _a220 PRO | ||
| 100 |
_aASC MUHAMMAD ASAD JAMIL ASC MUHAMMAD USMAN GOHAR ASC TAIMOOR SHAHID PC MUHAMMAD IMRAN _970631 |
||
| 245 | _aPR-SOF-1836-Smart Superstore Guide | ||
| 260 |
_aISLAMABAD _bNUST COLLEGE OF EME _c2019 |
||
| 650 |
_a DE-COMP-37 _970632 |
||
| 700 |
_aSUPERVISOR DR. UROOJ FATIMA BRIG. DR. SHOAB AHMAD KHAN _970633 |
||
| 942 | _cCR | ||
| 999 |
_c577577 _d577577 |
||